Projekt budowy kolejki karkonosko-izerskiej z lat 1896-1897 na terenie posiadłości Schaffgotschów

Titel: Projekt budowy kolejki karkonosko-izerskiej z lat 1896-1897 na terenie posiadłości Schaffgotschów
Verfasser:
In: Śla̜ski labirynt krajoznawczy, Band 7 (1995), Seite 85-97
alle Artikel anzeigen
Veröffentlicht: 1995
Format: Aufsatz
Sprache: Polnisch
Kein Bild verfügbar
X
alg: 39469871
001A    $01999:12-11-16 
001B    $01999:30-04-21 $t17:15:02.000 
001D    $01999:12-11-16 
001U    $0utf8 
001X    $00 
002@    $0Aox 
003@    $0394698711 
007A    $0394698711 $aHEB 
007T    $0Herdw00827 
010@    $apol 
011@    $a1995 
021A    $aProjekt budowy kolejki karkonosko-izerskiej z lat 1896-1897 na terenie posiadłości Schaffgotschów 
027A    $aDas Bauprojekt der Riesengebirgs- und Isergebirgsbahn aus den Jahren 1896-1897 auf den Ländereien der Familie Schaffgotsch 
028A    $aGołaszewski $dJanusz 
031A    $d7 $h85-97 $j1995 
039B    $aIn $8--Abvc--. Śla̜ski labirynt krajoznawczy. - Wrocław : Sudety, 1989-. - ISSN 0867-0013 $x199500000070000915 $9048583480 
045F    $a330.094385 $eDDC23BSB 
045F/01 $a330.09 
045F/03 $g4385 
046C    $aDas Bauprojekt der Riesengebirgs- und Isergebirgsbahn aus den Jahren 1896-1897 auf den Ländereien der Familie Schaffgotsch $bÜbers. des Hauptsacht. 

lok: 39469871 78

exp: 39469871 78 1 #EPN
201B/01 $024-06-21 $t23:17:07.000 
201U/01 $0utf8 
203@/01 $0790809214 
208@/01 $a12-11-16 $be 
209A/01 $a/ $f000 $x00 
220C/01 $aTitelaufnehmer: AH 
244Z/01 $2Trx $#Silesia $#Śląsk $#Sliezsko $#Slezsko $8--Trx--Schlesien $x01 $9391173987 
244Z/01 $#Karkonosze $#Krkonoše $74050019-6 $8--Tg1--Riesengebirge $x02 $9085139661 
244Z/01 $#Jizerské hory $#Góry Izerskie $74027731-8 $8--Tg1--Isergebirge $x03 $9085070971 
244Z/01 $aGeschichte 1896-1897 $x04 
244Z/01 $#Schaffgotschowie  $7123404215 $8--Tp1--$PSchaffgotsch$lFamilie$Zab 13. Jh. $x05 $9101853491 
244Z/01 $2Trx $#raudtee $#geležinkeliai $#railways $#vasút $#komunikacja kolejowa $#železnice $#železnice $#Kleinbahnen $#úzkokoľajná železnica $#úzkokolejná železnice $8--Trx--Eisenbahn $x06 $9391371827 
244Z/01 $2Trx $8--Trx--Zeitschriftenaufsatz $x07 $9391384341 
245Z/01 $a09.05 $x01 
247C/01 $82080>Marburg/Lahn, Herder-Institut, Forschungsbibliothek, Bibliographieportal $9336309341
LEADER 00000caa a22000002c 4500
001 394698711
003 DE-603
005 20210430171502.0
007 tu
008 161112s1995 xx |||| | u00||u|pol c
035 |a (DE-599)HEB394698711 
040 |a DE-603  |b ger  |c DE-603  |d DE-603 
041 |a pol 
082 0 4 |8 1\u  |a 330.094385  |q DE-101  |2 23/BSB 
085 |8 1\u  |b 330.09 
085 |8 1\u  |z 2  |s 4385 
100 1 |a Gołaszewski, Janusz 
245 0 0 |a Projekt budowy kolejki karkonosko-izerskiej z lat 1896-1897 na terenie posiadłości Schaffgotschów 
246 1 |i Übers. des Hauptsacht.  |a Das Bauprojekt der Riesengebirgs- und Isergebirgsbahn aus den Jahren 1896-1897 auf den Ländereien der Familie Schaffgotsch 
246 1 3 |a Das Bauprojekt der Riesengebirgs- und Isergebirgsbahn aus den Jahren 1896-1897 auf den Ländereien der Familie Schaffgotsch 
264 0 |c 1995 
773 0 8 |i In  |t Śla̜ski labirynt krajoznawczy  |d Wrocław : Sudety, 1989-  |x 0867-0013  |g Band 7 (1995), Seite 85-97  |w (DE-603)048583480  |w (DE-600)1077945-0 
924 0 |9 2080  |a (DE-603)790809214  |b DE-2080  |c HES  |d d  |g /